000 00414nam a2200145Ia 4500
005 20250429042241.0
008 240331s9999 xx 000 0 und d
082 _bULA
_a291
100 _aUlakanathan, V.M
245 0 _aAnndal pavaiyum alahuththamilum
260 _aChennai
_bVasuki Pathippagam
_c1989
300 _a208 p .,
500 _aThirupaavaiyil 16 muthal 30 paasurangaluku vilakkamum oppaivum
942 _cL
999 _c1374
_d1374